Ninth economic development programme for the Republic of South Africa : (Record no. 197311)
[ view plain ]
| 000 -LEADER | |
|---|---|
| fixed length control field | 00460cam4a220016900 4500 |
| 001 - CONTROL NUMBER | |
| control field | tmp16044072 |
| 003 - CONTROL NUMBER IDENTIFIER | |
| control field | UPRA |
| 005 - DATE AND TIME OF LATEST TRANSACTION | |
| control field | 20190830121358.0 |
| 008 - FIXED-LENGTH DATA ELEMENTS--GENERAL INFORMATION | |
| fixed length control field | 951129s1980 xx eng u |
| 035 ## - SYSTEM CONTROL NUMBER | |
| System control number | (Sirsi) r72131 |
| 035 ## - SYSTEM CONTROL NUMBER | |
| System control number | (UPRA)tmp16044072 |
| 040 ## - CATALOGING SOURCE | |
| Transcribing agency | UPRA |
| 245 00 - TITLE STATEMENT | |
| Title | Ninth economic development programme for the Republic of South Africa : |
| Remainder of title | 1978-1987. |
| 260 ## - PUBLICATION, DISTRIBUTION, ETC. | |
| Date of publication, distribution, etc. | 1980. |
| 949 ## - LOCAL PROCESSING INFORMATION (OCLC) | |
| a | (O2)1980/1 |
| w | lcc |
| m | MAIN |
| t | BOOK |
| l | ON-SHELF |
No items available.